000 00668nam a2200205Ia 4500
003 GCL
008 140319s9999 xx 000 0 ara d
040 _aGCL /
_cGCL
082 0 4 _a813.08
_bص ب
100 1 _aصالح مرسى
245 1 0 _aالبحر: من ادب الرحلات /
_cصالح مرسى
250 _aالخامسة
260 _aالقاهرة :
_bابوللو للنشر والتوزيع ،
_c1990
300 _a278 ص ؛
_c24 سم
490 _aالاعمال الكاملة لصالح مرسى
_v0
650 0 4 _aالادب العربى
650 0 4 _aالقصص العربية
650 0 4 _aالرحلات فى الادب
942 _2ddc
_cBK
999 _c55026
_d55026